Willmington's Guide to the Bible (Record no. 644)

000 -LEADER
fixed length control field 00665nam a2200205 a 4500
001 - CONTROL NUMBER
control field :::00013800$&:&@@
003 - CONTROL NUMBER IDENTIFIER
control field OkBaRHE
005 - DATE AND TIME OF LATEST TRANSACTION
control field 20100324135123.0
008 - FIXED-LENGTH DATA ELEMENTS--GENERAL INFORMATION
fixed length control field s1981 j 000 0 eng u
020 ## - INTERNATIONAL STANDARD BOOK NUMBER
International Standard Book Number 0842388044
040 ## - CATALOGING SOURCE
Transcribing agency
100 1# - MAIN ENTRY--PERSONAL NAME
Personal name Willmington, H. L.
245 10 - TITLE STATEMENT
Title Willmington's Guide to the Bible
Statement of responsibility, etc H.L. Willmington.
260 ## - PUBLICATION, DISTRIBUTION, ETC. (IMPRINT)
Place of publication, distribution, etc Wheaton, Ill.
Name of publisher, distributor, etc Tyndale House Publishers
Date of publication, distribution, etc 1981
300 ## - PHYSICAL DESCRIPTION
Extent xxii, 1006 p. : ill. ;
Dimensions 29 cm.
650 ## - SUBJECT ADDED ENTRY--TOPICAL TERM
Topical term or geographic name as entry element Bible
General subdivision Criticism, interpretation, etc.
730 ## - ADDED ENTRY--UNIFORM TITLE
Uniform title Guide to the Bible
942 ## - ADDED ENTRY ELEMENTS (KOHA)
Source of classification or shelving scheme
Koha item type Books
Copies
Lost status Damaged status Shelving location Permanent Location Koha item type Barcode Not for loan Date last seen Collection code Full call number Date acquired Withdrawn status Source of classification or shelving scheme Copy number Price effective from Current Location
  General StacksRHEMA Bible Training CollegeBooks13800 2018-02-27ReferenceBS 511.2 .W542010-04-14  12010-04-14RHEMA Bible Training College